Electronics designers' handbook. (Record no. 61164)
[ view plain ]
| 000 -LEADER | |
|---|---|
| fixed length control field | 01363pam a2200325 i 4500 |
| 001 - CONTROL NUMBER | |
| control field | 4137831 |
| 003 - CONTROL NUMBER IDENTIFIER | |
| control field | NUST-PNEC |
| 005 - DATE AND TIME OF LATEST TRANSACTION | |
| control field | 20170116180716.0 |
| 008 - FIXED-LENGTH DATA ELEMENTS--GENERAL INFORMATION | |
| fixed length control field | 770121s1977 nyua b 001 0 eng |
| 010 ## - LIBRARY OF CONGRESS CONTROL NUMBER | |
| LC control number | 77000793 |
| 020 ## - INTERNATIONAL STANDARD BOOK NUMBER | |
| International Standard Book Number | 0070231494 |
| 040 ## - CATALOGING SOURCE | |
| Transcribing agency | PNEC |
| 050 00 - LIBRARY OF CONGRESS CALL NUMBER | |
| Classification number | TK7825 |
| Item number | .L3 1977 |
| 082 00 - DEWEY DECIMAL CLASSIFICATION NUMBER | |
| Classification number | 621.3810 GIA |
| 100 ## - MAIN ENTRY--PERSONAL NAME | |
| 9 (RLIN) | 698 |
| Personal name | Giacoletto, L. J. |
| 245 00 - TITLE STATEMENT | |
| Title | Electronics designers' handbook. |
| 250 ## - EDITION STATEMENT | |
| Edition statement | 2d ed. / |
| Remainder of edition statement | completely rev. and edited by L. J. Giacoletto. |
| 260 ## - PUBLICATION, DISTRIBUTION, ETC. | |
| Place of publication, distribution, etc. | New York : |
| Name of publisher, distributor, etc. | McGraw-Hill, |
| Date of publication, distribution, etc. | c1977. |
| 300 ## - PHYSICAL DESCRIPTION | |
| Extent | viii, 2300 p. in various pagings : |
| Other physical details | ill. ; |
| Dimensions | 24 cm. |
| 500 ## - GENERAL NOTE | |
| General note | Includes Index http://www.amazon.com/Electronics-Designers-Handbook-L-Giacoletto/dp/0070231494/ref=sr_1_1?s=books&ie=UTF8&qid=1413789967&sr=1-1&keywords=0070231494 |
| 500 ## - GENERAL NOTE | |
| General note | First ed. by R. W. Landee, D. C. Davis, and A. P. Albrecht published in 1957. |
| 504 ## - BIBLIOGRAPHY, ETC. NOTE | |
| Bibliography, etc. note | Includes bibliographical references and index. |
| 650 #0 - SUBJECT ADDED ENTRY--TOPICAL TERM | |
| Topical term or geographic name entry element | Electronics |
| General subdivision | Handbooks, manuals, etc. |
| 650 #0 - SUBJECT ADDED ENTRY--TOPICAL TERM | |
| Topical term or geographic name entry element | Electronic apparatus and appliances |
| General subdivision | Design and construction |
| -- | Handbooks, manuals, etc. |
| -- | EL |
| 650 #0 - SUBJECT ADDED ENTRY--TOPICAL TERM | |
| Topical term or geographic name entry element | Electronic circuit design |
| General subdivision | Handbooks, manuals, etc. |
| 700 1# - ADDED ENTRY--PERSONAL NAME | |
| Personal name | Giacoletto, Lawrence Joseph, |
| Dates associated with a name | 1916- |
| 700 1# - ADDED ENTRY--PERSONAL NAME | |
| Personal name | Landee, Robert W. |
| Title of a work | Electronics designers' handbook. |
| 906 ## - LOCAL DATA ELEMENT F, LDF (RLIN) | |
| a | 7 |
| b | cbc |
| c | orignew |
| d | 1 |
| e | ocip |
| f | 19 |
| g | y-gencatlg |
| 942 ## - ADDED ENTRY ELEMENTS (KOHA) | |
| Source of classification or shelving scheme | |
| Koha item type | Book |
| Withdrawn status | Lost status | Source of classification or shelving scheme | Damaged status | Not for loan | Permanent Location | Current Location | Shelving location | Date acquired | Source of acquisition | Cost, normal purchase price | Total Checkouts | Full call number | Barcode | Date last seen | Cost, replacement price | Price effective from | Koha item type |
|---|---|---|---|---|---|---|---|---|---|---|---|---|---|---|---|---|---|
| Pakistan Navy Engineering College (PNEC) | Pakistan Navy Engineering College (PNEC) | Reference | 08/05/1985 | Sasi Book Store | 1522.35 | 621.3810 GIA | PNECLIB-006649 | 10/20/2014 | 1522.35 | 08/05/1985 | Book |
